00000000nam##2200000za#4500
0019.699502
003CaOODSP
00520210625000417
007cr |||||||||||
008150407|1984||||xxc|||||o    f|0| 0 eng|d
040 |aCaOODSP|beng
043 |an-cn---
0861 |aA53-1762/1984E-PDF
1101 |aCanada.|bAgriculture Canada.|bResearch Branch.
24510|aCultivating red raspberries in Eastern Canada / |h[electronic resource]
260 |bAgriculture Canada. |c1984.
300 |a32p.|bfigs., tables, photographs
500 |aHistorical publication digitized by Agriculture and Agri-Food Canada. -- "This publication replaces Agriculture Canada Publications 1196, Growing red raspberries in Eastern Canada and 1447, Red raspberry cultivars for Eastern Canada."--p. 3 of 32.
590 |a15-01-Supp|b2015-01-26
69007|aFruit crops|2gcpds
77508|tLa culture du framboisier rouge dans l'est du Canada / |w(CaOODSP)9.643457
85640|ahttp://publications.gc.ca|qPDF|s2.3 MB|uhttps://publications.gc.ca/collections/collection_2014/aac-aafc/agrhist/A53-1762-1984-eng.pdf
986 |a1762E